书目信息 |
| 题名: |
肝炎
|
|
| 作者: | 赵振岗 编著 | |
| 分册: | ||
| 出版信息: | 北京 农村读物出版社 2000 |
|
| 页数: | 135页 | |
| 开本: | 19cm | |
| 丛书名: | 人民卫生文库 | |
| 单 册: | ||
| 中图分类: | R575.1 | |
| 科图分类: | ||
| 主题词: | 肝炎--诊疗 | |
| 电子资源: | ||
| ISBN: | 7-5048-3141-7 | |
| 000 | 00766oam2 2200265 45 | |
| 001 | 012000030354 | |
| 005 | 20000719101811.0 | |
| 009 | 012000030354 | |
| 010 | @a7-5048-3141-7@dCNY6.60 | |
| 035 | @a(011001)c2000008295 | |
| 100 | @a20000713d2000 em y0chiy0120 ea | |
| 101 | 0 | @achi |
| 102 | @aCN@b110000 | |
| 105 | @ay z 000yy | |
| 200 | 1 | @a肝炎@Agan yan@f赵振岗等编著@Fzhao zhen gang deng bian zhu |
| 210 | @a北京@c农村读物出版社@d2000 | |
| 215 | @a135页@d19cm | |
| 225 | 2 | @a人民卫生文库@e名医说病 |
| 314 | @a赵振岗,副教授,中国红十字总会任职。合编著有《肝炎》等。 | |
| 410 | 0 | @12001 @a人民卫生文库 |
| 606 | @a肝炎@x诊疗 | |
| 690 | @aR575.1@v4 | |
| 701 | 0 | @a赵振岗@Azhao zhen gang@4编著 |
| 801 | 0 | @aCN@bNLC@c20000719 |
| 905 | @aBZT@dR575.1@e4 | |
| 肝炎/赵振岗等编著.-北京:农村读物出版社,2000 |
| 135页;19cm.-(人民卫生文库:名医说病) |
| ISBN 7-5048-3141-7:CNY6.60 |
| ● |
| 相关链接 |
|
|
|
正题名:肝炎
索取号:R575.1/4
 
预约/预借
| 序号 | 登录号 | 条形码 | 馆藏地/架位号 | 状态 | 备注 |
| 1 | 419470 | 210478339 | 中心书库中库/ 中库010架A面6列1层18/ [索取号:R575.1/4] | 在馆 | |
| 2 | 419471 | 210478320 | 中心书库中库/ 中库010架A面6列1层17/ [索取号:R575.1/4] | 在馆 | |
| 3 | 419472 | 210478311 | 中心书库中库/ 中库010架A面6列1层14/ [索取号:R575.1/4] | 在馆 | |
| 4 | 419473 | 210478302 | 中心书库中库/ 中库010架A面6列1层19/ [索取号:R575.1/4] | 在馆 | |
| 5 | 419474 | 210478295 | 中心书库中库/ 中库010架A面6列1层16/ [索取号:R575.1/4] | 在馆 | |
| 6 | 419475 | 210478286 | 中心书库中库/ 中库010架A面6列1层15/ [索取号:R575.1/4] | 在馆 | |
| 7 | 419476 | 210478277 | 中心书库中库/ 中库010架A面6列1层22/ [索取号:R575.1/4] | 在馆 | |
| 8 | 419477 | 210478268 | 中心书库中库/ 中库010架A面6列1层21/ [索取号:R575.1/4] | 在馆 | |
| 9 | 419478 | 210478259 | 中心书库中库/ 中库010架A面6列1层20/ [索取号:R575.1/4] | 在馆 |